[Event "URS-ch FL56"]
[Site "Klaipeda"]
[Date "1988.??.??"]
[Round "?"]
[White "Dolmatov, Sergey"]
[Black "Aseev, Konstantin"]
[Result "1-0"]
[WhiteElo "2550"]
[BlackElo "2445"]
[PlyCount "139"]
[EventDate "1988.11.??"]
[EventType "tourn"]
[EventRounds "17"]
[EventCountry "URS"]
[EventCategory "9"]
[SourceTitle "CBM 011"]
[Source "ChessBase"]
[SourceDate "1989.08.01"]
[SourceVersion "1"]
[SourceVersionDate "1989.08.01"]
[SourceQuality "1"]

1. e4 c5 2. Nf3 d6 3. d4 cxd4 4. Nxd4 Nf6 5. Nc3 Nc6 6. Be2 e6 7. O-O Be7 8.
Be3 O-O 9. f4 Qc7 10. a4 a6 11. Qe1 Nxd4 12. Bxd4 e5 13. Be3 exf4 14. Bxf4 Be6
15. Qg3 Nd7 16. Bh6 Qc5+ 17. Kh1 Qe5 18. Bf4 Qc5 19. Nd5 Bxd5 20. Bh6 g6 21.
Bxf8 Bxf8 22. exd5 Qxc2 23. Qe3 Qc7 24. b4 Qd8 25. Rac1 Ne5 26. Rc2 Be7 27. a5
Bg5 28. Qc3 Rb8 29. Qc7 Qxc7 30. Rxc7 Bd8 31. Rc2 Kf8 32. Rfc1 Ke7 33. Rc8 Rxc8
34. Rxc8 Kd7 35. Rc2 h5 36. Kg1 Bc7 37. Kf2 Bb8 38. Ke3 Ba7+ 39. Kf4 Kd8 40. g3
Bd4 41. Bf1 Ng4 42. Bh3 Be5+ 43. Kf3 f5 44. Bxg4 hxg4+ 45. Kg2 g5 46. h3 gxh3+
47. Kxh3 g4+ 48. Kh4 Bf6+ 49. Kh5 Be5 50. Kg5 Bxg3 51. Kxf5 Be1 52. Rc4 g3 53.
Ke6 g2 54. Rg4 Bxb4 55. Rxg2 Kc7 56. Rg7+ Kc8 57. Rg4 Bc5 58. Rc4 Kd8 59. Rc3
Bd4 60. Rb3 Kc7 61. Ke7 Bc5 62. Rb2 Ba3 63. Rc2+ Kb8 64. Rc3 Bb4 65. Rb3 Bc5
66. Kd7 b5 67. axb6 Kb7 68. Ke6 a5 69. Rb5 Bb4 70. Kf5 1-0

[Event "URS-ch FL56"]
[Site "Klaipeda"]
[Date "1988.??.??"]
[Round "?"]
[White "Dolmatov, Sergey"]
[Black "Magerramov, Elmar"]
[Result "1-0"]
[WhiteElo "2550"]
[BlackElo "2430"]
[PlyCount "113"]
[EventDate "1988.11.??"]
[EventType "tourn"]
[EventRounds "17"]
[EventCountry "URS"]
[EventCategory "9"]
[SourceTitle "CBM 011"]
[Source "ChessBase"]
[SourceDate "1989.08.01"]
[SourceVersion "1"]
[SourceVersionDate "1989.08.01"]
[SourceQuality "1"]

1. e4 c5 2. Nf3 d6 3. d4 cxd4 4. Nxd4 Nf6 5. Nc3 a6 6. Be2 e5 7. Nb3 Be7 8. Be3
Be6 9. f4 exf4 10. Bxf4 Nc6 11. Qd2 O-O 12. O-O-O Ne5 13. Nd4 Rc8 14. Nf5 Bxf5
15. exf5 Qa5 16. Nd5 Qxa2 17. Nxe7+ Kh8 18. Qb4 Nc4 19. c3 Rfe8 20. Bxd6 Nxd6
21. Qxd6 Qa1+ 22. Kc2 Qa4+ 23. Kb1 Qe4+ 24. Bd3 Qxe7 25. Qxe7 Rxe7 26. Rhe1
Rxe1 27. Rxe1 Rc7 28. Re5 g5 29. fxg6 hxg6 30. Be2 Kg7 31. Bf3 Nd7 32. Re8 Kf6
33. Kc2 Ne5 34. Be4 Nc4 35. Rb8 Nd6 36. Bf3 Ke5 37. Kb3 Rc5 38. h4 Kf4 39. Rd8
Ke5 40. Kc2 Rc7 41. Kd3 Ke6 42. g4 f5 43. Rg8 fxg4 44. Rxg6+ Kf5 45. Rxg4 b5
46. Rd4 Nc4 47. Be4+ Ke6 48. b3 Nd6 49. Bg6 Rc6 50. h5 Kf6 51. Rg4 a5 52. h6 b4
53. cxb4 axb4 54. h7 Rc3+ 55. Kd4 Rh3 56. Bd3 Nf7 57. Rg8 1-0

[Event "URS-ch FL56"]
[Site "Klaipeda"]
[Date "1988.??.??"]
[Round "?"]
[White "Dolmatov, Sergey"]
[Black "Mikhalchishin, Adrian"]
[Result "1/2-1/2"]
[WhiteElo "2550"]
[BlackElo "2480"]
[PlyCount "73"]
[EventDate "1988.11.??"]
[EventType "tourn"]
[EventRounds "17"]
[EventCountry "URS"]
[EventCategory "9"]
[SourceTitle "CBM 011"]
[Source "ChessBase"]
[SourceDate "1989.08.01"]
[SourceVersion "1"]
[SourceVersionDate "1989.08.01"]
[SourceQuality "1"]

1. e4 e5 2. Nf3 Nc6 3. Bb5 Nf6 4. O-O Bc5 5. c3 O-O 6. d4 Bb6 7. Re1 d6 8. h3
Bd7 9. Ba4 h6 10. Bc2 Re8 11. Be3 exd4 12. Bxd4 Nxd4 13. cxd4 Bc6 14. Nc3 Ba5
15. Nd2 b5 16. a3 Bb6 17. Nf3 a6 18. Qd2 Nh7 19. Rad1 Ng5 20. Qf4 a5 21. Bb3
Nxf3+ 22. Qxf3 Qd7 23. Re3 b4 24. axb4 axb4 25. Ne2 Ba4 26. Ng3 g6 27. h4 Ra5
28. h5 Rg5 29. e5 Bxb3 30. Rxb3 dxe5 31. Ne4 Rf5 32. Nf6+ Rxf6 33. Qxf6 Re6 34.
Qf3 Bxd4 35. Rxb4 Kg7 36. Qe2 Rf6 37. Rbxd4 1/2-1/2

[Event "URS-ch FL56"]
[Site "Klaipeda"]
[Date "1988.??.??"]
[Round "?"]
[White "Dolmatov, Sergey"]
[Black "Rozentalis, Eduardas"]
[Result "1/2-1/2"]
[WhiteElo "2550"]
[BlackElo "2490"]
[PlyCount "168"]
[EventDate "1988.11.??"]
[EventType "tourn"]
[EventRounds "17"]
[EventCountry "URS"]
[EventCategory "9"]
[SourceTitle "CBM 011"]
[Source "ChessBase"]
[SourceDate "1989.08.01"]
[SourceVersion "1"]
[SourceVersionDate "1989.08.01"]
[SourceQuality "1"]

1. e4 e5 2. Bc4 Nf6 3. d3 Nc6 4. Nf3 Be7 5. O-O O-O 6. c3 d5 7. exd5 Nxd5 8.
Re1 Bg4 9. h3 Bh5 10. Nbd2 Nf4 11. Nf1 Na5 12. Bb5 c6 13. Bxf4 exf4 14. Ba4 b5
15. Bc2 c5 16. N1d2 Qc7 17. Qe2 Nc6 18. d4 cxd4 19. Qxb5 Bxf3 20. Nxf3 Rab8 21.
Rxe7 Nxe7 22. Bxh7+ Kh8 23. Qh5 g6 24. Bxg6+ Kg7 25. Bd3 dxc3 26. Ne5 f5 27.
Qg5+ Kh7 28. Re1 Rb7 29. Qh5+ Kg7 30. Qg5+ Kh7 31. bxc3 Qxc3 32. Qh5+ Kg7 33.
Qg5+ Kh7 34. Nf3 Qf6 35. Qh5+ Kg7 36. Ng5 Rh8 37. Qf3 Rb4 38. Ne6+ Kf7 39. a3
Rb6 40. Nxf4 Rc8 41. Nd5 Nxd5 42. Qxd5+ Kg6 43. Re5 Rc1+ 44. Kh2 Kg7 45. Qd7+
Kh6 46. f4 Rd6 47. Qe8 Rd8 48. Qb5 Qb6 49. Qxb6+ axb6 50. Bxf5 Rd4 51. Kg3 Rcc4
52. Re6+ Kg7 53. Rg6+ Kf8 54. Rf6+ Kg7 55. Rg6+ Kf8 56. Rxb6 Rxf4 57. Bd3 Rcd4
58. Rb2 Kg7 59. Bb5 Rfe4 60. Ra2 Re3+ 61. Kf2 Rb3 62. a4 Rdb4 63. Be2 Rb2 64.
Rxb2 Rxb2 65. a5 Ra2 66. a6 Ra3 67. h4 Kg6 68. g4 Ra4 69. Ke3 Kh6 70. Kf3 Kg7
71. Bb5 Ra5 72. Bc4 Ra4 73. Bd3 Ra3 74. Ke3 Ra4 75. g5 Rxh4 76. Be4 Rh3+ 77.
Bf3 Kg6 78. a7 Rh8 79. Kf4 Rh4+ 80. Bg4 Rh8 81. Bf5+ Kh5 82. g6 Ra8 83. g7 Kh6
84. Be4 Rd8 1/2-1/2

[Event "Madrid rapid"]
[Site "Madrid"]
[Date "1988.??.??"]
[Round "2"]
[White "Portisch, Lajos"]
[Black "Dolmatov, Sergey"]
[Result "1/2-1/2"]
[WhiteElo "2610"]
[BlackElo "2565"]
[PlyCount "80"]
[EventDate "1988.12.??"]
[EventType "schev (rapid)"]
[EventRounds "8"]
[EventCountry "ESP"]
[SourceTitle "EXT 1997"]
[Source "ChessBase"]
[SourceDate "1996.11.15"]
[SourceVersion "1"]
[SourceVersionDate "1996.11.15"]
[SourceQuality "1"]

1. c4 e6 2. Nc3 f5 3. g3 Nf6 4. Bg2 d5 5. d4 c6 6. Nf3 Bd6 7. Qc2 O-O 8. Bf4
Bxf4 9. gxf4 Ne4 10. e3 Nxc3 11. Qxc3 Nd7 12. h4 Nf6 13. Ne5 Bd7 14. h5 h6 15.
Bf3 Be8 16. O-O-O Rc8 17. Kb1 Ne4 18. Qc2 Kh8 19. Rc1 Qe7 20. Ka1 Bf7 21. Bxe4
fxe4 22. cxd5 exd5 23. Qc5 Qxc5 24. Rxc5 Be8 25. b4 a6 26. a4 Rf5 27. b5 axb5
28. axb5 Rxh5 29. Rxh5 Bxh5 30. bxc6 bxc6 31. Nxc6 Bf7 32. Ne5 Be6 33. Kb2 Kh7
34. Kc3 h5 35. Rxc8 Bxc8 36. Kd2 Be6 37. Ke1 Kh6 38. Kf1 g5 39. fxg5+ Kxg5 40.
Kg2 h4 1/2-1/2

[Event "Madrid rapid"]
[Site "Madrid"]
[Date "1988.??.??"]
[Round "3"]
[White "Dolmatov, Sergey"]
[Black "Nogueiras Santiago, Jesus"]
[Result "0-1"]
[WhiteElo "2565"]
[BlackElo "2560"]
[PlyCount "118"]
[EventDate "1988.12.??"]
[EventType "schev (rapid)"]
[EventRounds "8"]
[EventCountry "ESP"]
[SourceTitle "EXT 1997"]
[Source "ChessBase"]
[SourceDate "1996.11.15"]
[SourceVersion "1"]
[SourceVersionDate "1996.11.15"]
[SourceQuality "1"]

1. e4 e6 2. d4 d5 3. Nc3 Bb4 4. e5 c5 5. a3 Bxc3+ 6. bxc3 Ne7 7. Nf3 Qa5 8. Bd2
Nbc6 9. Be2 Qa4 10. Qb1 c4 11. O-O h6 12. Re1 O-O 13. g3 f6 14. exf6 Rxf6 15.
Nh4 b6 16. Bg4 Bd7 17. Re2 Raf8 18. Ng2 Nd8 19. h4 Nc8 20. Bf4 Qc6 21. Be5 R6f7
22. Nf4 Ne7 23. Qf1 g6 24. h5 g5 25. Ng6 Re8 26. Nxe7+ Rexe7 27. f4 gxf4 28.
gxf4 Kh7 29. Qh3 Qc8 30. Kh2 Nc6 31. Bd6 Re8 32. Rae1 Rf6 33. Rg2 Rf7 34. Reg1
Qd8 35. Be2 e5 36. Bg4 Bxg4 37. Qxg4 exd4 38. Kh1 Qf6 39. cxd4 Qf5 40. Qxf5+
Rxf5 41. Rg7+ Kh8 42. Rc7 Rxh5+ 43. Kg2 Rg8+ 44. Kf1 Nxd4 45. Be5+ Rxe5 46.
Rxg8+ Kxg8 47. fxe5 Nxc2 48. Rxa7 d4 49. Ke2 d3+ 50. Kd2 b5 51. Kc3 Kf8 52. e6
h5 53. Kd2 h4 54. Rh7 Nxa3 55. Rxh4 b4 56. Rh7 b3 57. Rb7 Nb1+ 58. Ke3 d2 59.
Rd7 c3 0-1

[Event "Madrid rapid"]
[Site "Madrid"]
[Date "1988.??.??"]
[Round "7"]
[White "Korchnoi, Viktor"]
[Black "Dolmatov, Sergey"]
[Result "1/2-1/2"]
[WhiteElo "2640"]
[BlackElo "2565"]
[PlyCount "87"]
[EventDate "1988.12.??"]
[EventType "schev (rapid)"]
[EventRounds "8"]
[EventCountry "ESP"]
[SourceTitle "EXT 1997"]
[Source "ChessBase"]
[SourceDate "1996.11.15"]
[SourceVersion "1"]
[SourceVersionDate "1996.11.15"]
[SourceQuality "1"]

1. d4 e6 2. c4 Bb4+ 3. Bd2 a5 4. Nc3 d6 5. e4 e5 6. a3 Bxc3 7. Bxc3 Qe7 8. d5
Nf6 9. Bd3 a4 10. Bc2 O-O 11. f3 Nh5 12. Ne2 f5 13. O-O fxe4 14. fxe4 Rxf1+ 15.
Qxf1 Nd7 16. Qf3 Qf7 17. Qxf7+ Kxf7 18. Bb4 Nc5 19. Nc3 Bd7 20. Nb5 Bxb5 21.
cxb5 Nf6 22. Re1 Ke7 23. Re3 b6 24. Kf1 h6 25. Ke1 Nfd7 26. Rg3 Kf7 27. Ke2 Rf8
28. Ke3 Kg8 29. Rf3 Rxf3+ 30. gxf3 Kf7 31. Be1 Nf6 32. Kd2 g5 33. Bf2 h5 34.
Bxc5 dxc5 35. Bxa4 g4 36. Bd1 Kg6 37. Ke3 Kg5 38. Bb3 Ne8 39. Bd1 Nd6 40. Be2
Ne8 41. a4 Nd6 42. b3 Nb7 43. Bc4 Nd6 44. Be2 1/2-1/2

[Event "EU-Cup Moscow-ZSKA"]
[Site "Moscow"]
[Date "1989.??.??"]
[Round "?"]
[White "Dolmatov, Sergey"]
[Black "Vladimirov, Evgeny"]
[Result "1/2-1/2"]
[WhiteElo "2580"]
[BlackElo "2550"]
[PlyCount "92"]
[EventDate "1989.??.??"]
[EventType "team"]
[EventRounds "2"]
[EventCountry "URS"]
[SourceTitle "EXT 1997"]
[Source "ChessBase"]
[SourceDate "1996.11.15"]
[SourceVersion "1"]
[SourceVersionDate "1996.11.15"]
[SourceQuality "1"]

1. e4 e5 2. Nf3 Nc6 3. Bb5 a6 4. Ba4 Nf6 5. O-O Be7 6. Re1 b5 7. Bb3 O-O 8. c3
d5 9. exd5 Nxd5 10. Nxe5 Nxe5 11. Rxe5 c6 12. d4 Bd6 13. Re1 Qh4 14. g3 Qh3 15.
Be3 Bg4 16. Qd3 Rae8 17. Nd2 f5 18. Qf1 Qh5 19. f4 Kh8 20. Bxd5 cxd5 21. a4
bxa4 22. Rxa4 g5 23. Raa1 Re6 24. fxg5 Rfe8 25. Qf2 f4 26. gxf4 h6 27. Nf1 hxg5
28. Ng3 Qh3 29. fxg5 Rf8 30. Qg2 Qh4 31. Bf2 Rxe1+ 32. Rxe1 Bf3 33. Qf1 Be4 34.
Rxe4 dxe4 35. Qg2 Rf3 36. g6 Kg8 37. Nf1 Qf6 38. Nd2 Rd3 39. Nf1 Rf3 40. Nd2
Rd3 41. Nf1 Qf5 42. Ne3 Qf3 43. Qg5 Rd1+ 44. Nxd1 Qxd1+ 45. Kg2 Qf3+ 46. Kf1
Qd3+ 1/2-1/2

[Event "EU-Cup Moscow-ZSKA"]
[Site "Moscow"]
[Date "1989.??.??"]
[Round "?"]
[White "Vladimirov, Evgeny"]
[Black "Dolmatov, Sergey"]
[Result "0-1"]
[WhiteElo "2550"]
[BlackElo "2580"]
[PlyCount "132"]
[EventDate "1989.??.??"]
[EventType "team"]
[EventRounds "2"]
[EventCountry "URS"]
[SourceTitle "EXT 1997"]
[Source "ChessBase"]
[SourceDate "1996.11.15"]
[SourceVersion "1"]
[SourceVersionDate "1996.11.15"]
[SourceQuality "1"]

1. d4 e6 2. c4 f5 3. g3 Nf6 4. Bg2 c6 5. Nf3 d5 6. O-O Bd6 7. Nc3 O-O 8. Bf4
Bxf4 9. gxf4 b6 10. Ne5 Bb7 11. Qa4 Nfd7 12. Rad1 Nxe5 13. fxe5 Kh8 14. b4 a6
15. Qb3 b5 16. cxb5 axb5 17. a4 bxa4 18. Nxa4 Nd7 19. Ra1 Ba6 20. Qc2 Bc4 21.
Qd2 h6 22. Nb2 Bb5 23. Nd3 Qe7 24. Nf4 Kh7 25. h4 g5 26. Nh3 Kg6 27. hxg5 hxg5
28. f4 g4 29. Ng5 Rfb8 30. Kf2 Nf8 31. Rh1 Rxa1 32. Rxa1 Nh7 33. Rh1 Nxg5 34.
fxg5 Qxg5 35. Qxg5+ Kxg5 36. Rh7 Ra8 37. e3 Ra2+ 38. Kg3 Re2 39. Rg7+ Kh5 40.
Rh7+ Kg6 41. Re7 Rxe3+ 42. Kh4 f4 43. Rxe6+ Kg7 44. Kxg4 Rg3+ 45. Kxf4 Rxg2 46.
Rf6 Rf2+ 47. Kg5 Rf1 48. Rg6+ Kf7 49. Rh6 Rg1+ 50. Kf4 Rd1 51. Kf5 Bd3+ 52. Kg5
Rg1+ 53. Kf4 Rf1+ 54. Kg5 Rc1 55. Kf4 Ke7 56. Rh3 Rf1+ 57. Kg5 Bf5 58. Rh6 Be6
59. Rh7+ Rf7 60. Rh4 Rg7+ 61. Kf4 Kd7 62. Kf3 Rf7+ 63. Ke2 Bf5 64. Rh6 Kc7 65.
Ke3 Be4 66. Rh3 Rf1 0-1

[Event "Rome op"]
[Site "Rome"]
[Date "1989.??.??"]
[Round "?"]
[White "Polgar, Sofia"]
[Black "Dolmatov, Sergey"]
[Result "1/2-1/2"]
[WhiteElo "2345"]
[BlackElo "2580"]
[PlyCount "45"]
[EventDate "1989.??.??"]
[EventType "swiss"]
[EventRounds "9"]
[EventCountry "ITA"]
[SourceTitle "CBM 013"]
[Source "ChessBase"]
[SourceDate "1989.12.01"]
[SourceVersion "1"]
[SourceVersionDate "1989.12.01"]
[SourceQuality "1"]

1. e4 e6 2. d4 d5 3. Nc3 Bb4 4. Nge2 Nf6 5. Bg5 dxe4 6. a3 Be7 7. Bxf6 Bxf6 8.
Nxe4 Nc6 9. c3 O-O 10. N2g3 e5 11. d5 Nb8 12. Nxf6+ Qxf6 13. Bd3 c6 14. dxc6
Nxc6 15. Qc2 g6 16. O-O Be6 17. Rae1 Kg7 18. Qe2 Rad8 19. Bb5 Rd5 20. Bc4 Rdd8
21. Bb5 Rd5 22. Bc4 Rdd8 23. Bb5 1/2-1/2

[Event "New York op"]
[Site "New York"]
[Date "1989.??.??"]
[Round "2"]
[White "Dolmatov, Sergey"]
[Black "Bisguier, Arthur Bernard"]
[Result "1-0"]
[WhiteElo "2580"]
[BlackElo "2405"]
[PlyCount "67"]
[EventDate "1989.03.??"]
[EventType "swiss"]
[EventRounds "9"]
[EventCountry "USA"]
[SourceTitle "CBM 012"]
[Source "ChessBase"]
[SourceDate "1989.10.01"]
[SourceVersion "1"]
[SourceVersionDate "1989.10.01"]
[SourceQuality "1"]

1. e4 e5 2. Nf3 Nc6 3. Bb5 Nf6 4. O-O Nxe4 5. d4 a6 6. Ba4 Be7 7. Re1 f5 8.
dxe5 Nc5 9. Bb3 Nxb3 10. axb3 O-O 11. Nc3 b6 12. Nd5 Bb7 13. c3 h6 14. b4 Rf7
15. Bf4 g5 16. Bc1 d6 17. e6 Rg7 18. Nd4 Nxd4 19. Qxd4 f4 20. c4 c5 21. Qe4
Bxd5 22. Qxd5 Ra7 23. Bd2 Kh7 24. Bc3 Rg6 25. bxc5 dxc5 26. Rad1 Qxd5 27. cxd5
b5 28. d6 b4 29. dxe7 Rxe7 30. Rd7 Rxd7 31. exd7 Rd6 32. Bf6 Rxd7 33. Re7+ Rxe7
34. Bxe7 1-0

[Event "New York op"]
[Site "New York"]
[Date "1989.??.??"]
[Round "7"]
[White "Kovacevic, Vlatko"]
[Black "Dolmatov, Sergey"]
[Result "1/2-1/2"]
[WhiteElo "2545"]
[BlackElo "2580"]
[PlyCount "106"]
[EventDate "1989.03.??"]
[EventType "swiss"]
[EventRounds "9"]
[EventCountry "USA"]
[SourceTitle "CBM 012"]
[Source "ChessBase"]
[SourceDate "1989.10.01"]
[SourceVersion "1"]
[SourceVersionDate "1989.10.01"]
[SourceQuality "1"]

1. Nf3 e6 2. d4 f5 3. d5 exd5 4. Qxd5 d6 5. c4 Nf6 6. Qd2 Be7 7. g3 c6 8. Bg2
O-O 9. O-O Na6 10. Nc3 Nc5 11. Qc2 a5 12. b3 Qe8 13. Bb2 Qh5 14. e3 Bd7 15.
Rad1 Ng4 16. Qe2 Rae8 17. h3 Nf6 18. Rfe1 Nfe4 19. Nd2 Qxe2 20. Rxe2 Nxd2 21.
Rexd2 Be6 22. Ba3 Rd8 23. h4 Rfe8 24. Ne2 Kf7 25. Nf4 a4 26. Bxc5 dxc5 27. Nxe6
Kxe6 28. bxa4 Rxd2 29. Rxd2 Ra8 30. Rb2 Ra7 31. a5 Bf6 32. Rb3 Kd6 33. a6 Rxa6
34. Rxb7 Rxa2 35. Bh3 Ke5 36. Rc7 Kd6 37. Rf7 Ke6 38. Rf8 Rc2 39. Re8+ Kf7 40.
Rc8 g6 41. Rc7+ Kg8 42. Rxc6 Bc3 43. Kf1 Bb4 44. h5 Kg7 45. h6+ Kxh6 46. Bxf5
Rxc4 47. Ke2 Rc1 48. Bd3 c4 49. Rxc4 Rxc4 50. Bxc4 g5 51. f4 gxf4 52. gxf4 Bd6
53. Kf3 Kg7 1/2-1/2

[Event "New York op"]
[Site "New York"]
[Date "1989.??.??"]
[Round "8"]
[White "Dolmatov, Sergey"]
[Black "Lein, Anatoly"]
[Result "1-0"]
[WhiteElo "2580"]
[BlackElo "2485"]
[PlyCount "110"]
[EventDate "1989.03.??"]
[EventType "swiss"]
[EventRounds "9"]
[EventCountry "USA"]
[SourceTitle "CBM 012"]
[Source "ChessBase"]
[SourceDate "1989.10.01"]
[SourceVersion "1"]
[SourceVersionDate "1989.10.01"]
[SourceQuality "1"]

1. e4 d6 2. d4 Nf6 3. Nc3 g6 4. f4 Bg7 5. Nf3 c5 6. Bb5+ Bd7 7. e5 Ng4 8. e6
Bxb5 9. exf7+ Kd7 10. Nxb5 Qa5+ 11. Nc3 cxd4 12. Nxd4 h5 13. h3 Nc6 14. Nde2
Nh6 15. Be3 h4 16. O-O Qf5 17. Qd2 Nxf7 18. Nd5 e6 19. Ndc3 Rac8 20. a4 Ke7 21.
Rf2 Rhd8 22. Re1 Kf8 23. Nd4 Nxd4 24. Bxd4 Rc4 25. Bxg7+ Kxg7 26. b3 Rc7 27.
Nb5 Re7 28. Nxa7 Qc5 29. Nb5 Nh6 30. Nc3 Nf5 31. Ne4 Qd4 32. Qxd4+ Nxd4 33. Rd2
Nf5 34. Kf2 d5 35. Ng5 Rd6 36. Ke2 Rc6 37. Kd3 Kf6 38. c4 Rec7 39. Kc3 dxc4 40.
Ne4+ Kg7 41. b4 Re7 42. b5 Rc8 43. Ng5 b6 44. Rxe6 Rxe6 45. Nxe6+ Kf6 46. Ng5
Ra8 47. Ne4+ Ke6 48. Kb4 Ne3 49. Nc3 Re8 50. a5 bxa5+ 51. Kxa5 Kf5 52. Rf2 Ke6
53. b6 Kd7 54. Kb5 Kc8 55. Re2 Re7 1-0

[Event "New York op"]
[Site "New York"]
[Date "1989.??.??"]
[Round "9"]
[White "Dreev, Alexey"]
[Black "Dolmatov, Sergey"]
[Result "1/2-1/2"]
[WhiteElo "2520"]
[BlackElo "2580"]
[PlyCount "72"]
[EventDate "1989.03.??"]
[EventType "swiss"]
[EventRounds "9"]
[EventCountry "USA"]
[SourceTitle "CBM 012"]
[Source "ChessBase"]
[SourceDate "1989.10.01"]
[SourceVersion "1"]
[SourceVersionDate "1989.10.01"]
[SourceQuality "1"]

1. d4 e6 2. c4 Bb4+ 3. Nd2 d5 4. e3 Nf6 5. Ngf3 O-O 6. Bd3 c5 7. a3 Bxd2+ 8.
Bxd2 cxd4 9. exd4 dxc4 10. Bxc4 h6 11. O-O Nc6 12. Rc1 Ne7 13. Ne5 Ned5 14. Qb3
b6 15. Rfe1 Bb7 16. Qg3 Nh5 17. Qf3 Nhf6 18. Qg3 Kh8 19. Qh3 Rc8 20. Bd3 Rxc1
21. Rxc1 Nh7 22. Qh5 Qe8 23. Qh4 f5 24. Qg3 Rf6 25. h4 Nf8 26. Be2 Kg8 27. Bf3
Qd8 28. Nc6 Bxc6 29. Rxc6 f4 30. Qg4 Qd7 31. Rc1 Ng6 32. Qh5 Nge7 33. Qe5 Ng6
34. Qh5 Nge7 35. Qe5 Ng6 36. Qh5 Nge7 1/2-1/2

[Event "Clermont Ferrand"]
[Site "Clermont Ferrand"]
[Date "1989.??.??"]
[Round "?"]
[White "Dolmatov, Sergey"]
[Black "Renet, Olivier"]
[Result "1/2-1/2"]
[WhiteElo "2615"]
[BlackElo "2515"]
[PlyCount "75"]
[EventDate "1989.07.??"]
[EventType "tourn"]
[EventRounds "11"]
[EventCountry "FRA"]
[EventCategory "14"]
[SourceTitle "CBM 014"]
[Source "ChessBase"]
[SourceDate "1990.02.01"]
[SourceVersion "1"]
[SourceVersionDate "1990.02.01"]
[SourceQuality "1"]

1. e4 c5 2. Nf3 d6 3. d4 cxd4 4. Nxd4 Nf6 5. Nc3 a6 6. Be2 e6 7. O-O Be7 8. a4
Nc6 9. Be3 O-O 10. f4 Qc7 11. Qe1 Nxd4 12. Bxd4 e5 13. Be3 exf4 14. Bxf4 Be6
15. Qg3 Nd7 16. Bh6 Qc5+ 17. Kh1 Qe5 18. Bf4 Qc5 19. Nd5 Bxd5 20. exd5 Rfe8 21.
c4 a5 22. Bd3 Qc7 23. Rf2 Bf8 24. Raf1 g6 25. h4 Nc5 26. h5 Ne4 27. Bxe4 Rxe4
28. b3 Qd7 29. Bd2 Rg4 30. Qh3 f5 31. Rf4 Bh6 32. Rxg4 fxg4 33. Qd3 Bxd2 34.
Qxd2 gxh5 35. Qh6 Qg7 36. Qxd6 Re8 37. Qf4 Rf8 38. Qxf8+ 1/2-1/2

[Event "Clermont Ferrand"]
[Site "Clermont Ferrand"]
[Date "1989.??.??"]
[Round "?"]
[White "Dolmatov, Sergey"]
[Black "Sokolov, Andrei"]
[Result "1/2-1/2"]
[WhiteElo "2615"]
[BlackElo "2595"]
[PlyCount "41"]
[EventDate "1989.07.??"]
[EventType "tourn"]
[EventRounds "11"]
[EventCountry "FRA"]
[EventCategory "14"]
[SourceTitle "CBM 014"]
[Source "ChessBase"]
[SourceDate "1990.02.01"]
[SourceVersion "1"]
[SourceVersionDate "1990.02.01"]
[SourceQuality "1"]

1. e4 c5 2. Nf3 e6 3. d4 cxd4 4. Nxd4 Nf6 5. Nc3 d6 6. Be2 Be7 7. O-O O-O 8.
Be3 Nc6 9. f4 a6 10. a4 Qc7 11. Qe1 Nxd4 12. Bxd4 e5 13. Be3 exf4 14. Bxf4 Be6
15. Qg3 Nd7 16. Bh6 Qc5+ 17. Kh1 Qe5 18. Bf4 Qc5 19. Be3 Qe5 20. Bf4 Qc5 21.
Be3 1/2-1/2

[Event "Clermont Ferrand"]
[Site "Clermont Ferrand"]
[Date "1989.??.??"]
[Round "?"]
[White "Nogueiras Santiago, Jesus"]
[Black "Dolmatov, Sergey"]
[Result "1/2-1/2"]
[WhiteElo "2560"]
[BlackElo "2615"]
[PlyCount "81"]
[EventDate "1989.07.??"]
[EventType "tourn"]
[EventRounds "11"]
[EventCountry "FRA"]
[EventCategory "14"]
[SourceTitle "CBM 014"]
[Source "ChessBase"]
[SourceDate "1990.02.01"]
[SourceVersion "1"]
[SourceVersionDate "1990.02.01"]
[SourceQuality "1"]

1. d4 f5 2. Nf3 Nf6 3. Bg5 Ne4 4. Bf4 c5 5. e3 Qb6 6. Nc3 Qa5 7. Bd3 Nxc3 8.
Qd2 d5 9. bxc3 c4 10. Be2 e6 11. Ne5 Be7 12. O-O Nd7 13. g4 Nf6 14. f3 fxg4 15.
Nxg4 Bd7 16. Ne5 Nh5 17. Bg3 Rf8 18. f4 Nf6 19. Bf3 O-O-O 20. Rfb1 Qa6 21. a4
Be8 22. Qe2 Bg6 23. Nxg6 hxg6 24. Rb5 Rd7 25. Rab1 Qc6 26. Bh4 Kb8 27. Qg2 Ne8
28. Bxe7 Rxe7 29. e4 Nf6 30. exd5 exd5 31. Bxd5 Nxd5 32. Rxd5 Rxf4 33. Qg3 Ref7
34. Rf1 Qxd5 35. Rxf4 Kc8 36. Rxf7 Qxf7 37. Qe5 Qf5 38. Qe8+ Kc7 39. Qe7+ Kc6
40. Qe8+ Kb6 41. Qd8+ 1/2-1/2

[Event "Clermont Ferrand"]
[Site "Clermont Ferrand"]
[Date "1989.??.??"]
[Round "?"]
[White "Sax, Gyula"]
[Black "Dolmatov, Sergey"]
[Result "1-0"]
[WhiteElo "2580"]
[BlackElo "2615"]
[PlyCount "43"]
[EventDate "1989.07.??"]
[EventType "tourn"]
[EventRounds "11"]
[EventCountry "FRA"]
[EventCategory "14"]
[SourceTitle "CBM 014"]
[Source "ChessBase"]
[SourceDate "1990.02.01"]
[SourceVersion "1"]
[SourceVersionDate "1990.02.01"]
[SourceQuality "1"]

1. e4 e6 2. d4 d5 3. Nc3 Bb4 4. e5 c5 5. a3 Bxc3+ 6. bxc3 Ne7 7. Qg4 O-O 8. Bd3
Nd7 9. Nf3 f5 10. Qh3 Nb6 11. a4 c4 12. Be2 a5 13. Rg1 Qe8 14. g4 Nxa4 15. gxf5
Nxf5 16. Ng5 h6 17. Bh5 Qc6 18. Bg6 Ne7 19. Nh7 Nxg6 20. Nxf8 Kxf8 21. Rxg6 Qe8
22. Qg3 1-0

[Event "Manila Interzonal"]
[Site "Manila"]
[Date "1990.??.??"]
[Round "2"]
[White "Spasov, Vasil"]
[Black "Dolmatov, Sergey"]
[Result "1/2-1/2"]
[WhiteElo "2495"]
[BlackElo "2615"]
[PlyCount "120"]
[EventDate "1990.06.29"]
[EventType "swiss"]
[EventRounds "13"]
[EventCountry "PHI"]
[SourceTitle "CBM 019"]
[Source "ChessBase"]
[SourceDate "1990.12.01"]
[SourceVersion "1"]
[SourceVersionDate "1990.12.01"]
[SourceQuality "1"]

1. e4 e6 2. d4 d5 3. Nd2 c5 4. Ngf3 Nc6 5. exd5 exd5 6. Bb5 cxd4 7. O-O Bd6 8.
Nb3 Nge7 9. Nbxd4 O-O 10. Bd3 Ng6 11. Bg5 Be7 12. Bxe7 Qxe7 13. Bxg6 hxg6 14.
h3 Bd7 15. c3 Rad8 16. Re1 Qd6 17. Qd2 Rfe8 18. Rad1 Rxe1+ 19. Rxe1 a6 20. Qe3
Qf6 21. Nxc6 Bxc6 22. Qd4 Qxd4 23. Nxd4 Kf8 24. h4 a5 25. Kh2 Rd6 26. g4 Bd7
27. Kg3 f6 28. f3 Kf7 29. a3 Rb6 30. Re2 a4 31. Rd2 Bb5 32. Nc2 Bc4 33. Ne3 Ke6
34. Ng2 g5 35. h5 Kf7 36. Ne3 Rb5 37. Nf5 Rb6 38. Kf2 Re6 39. Nd4 Re5 40. Rd1
g6 41. hxg6+ Kxg6 42. Rh1 Re8 43. Rh3 Ba6 44. Rh1 Bc4 45. Rd1 Re5 46. Rd2 Kf7
47. Nf5 Re6 48. Ne3 Rb6 49. Kg3 Kg8 50. f4 gxf4+ 51. Kxf4 Kf7 52. Rh2 Kg6 53.
Nf5 Kf7 54. Rh7+ Kf8 55. Rh8+ Kf7 56. Rh2 Kg6 57. Rh6+ Kf7 58. Rh7+ Kf8 59. Rh2
Kf7 60. Nd4 Kg6 1/2-1/2